El derecho del niño a la cultura.

Guardado en:
Formato: Deslizar
Materias:
Etiquetas: Agregar Etiqueta
Sin Etiquetas, Sea el primero en etiquetar este registro!
LEADER 00979ngm a22002655g 4500
001 CEM.cems022060
008 130507b1994##################0###0#####d
005 20241001160239.0
245 0 0 |a El derecho del niño a la cultura. 
300 |a 20'. 
500 |a En soporte VHS, consultar en ventanilla. 
505 0 |a Los adultos como mediatizadores de mensajes, por la Lic. Marta Craichik. Los límites frente al niño. El niño y las distintas lecturas, por la Prof. Maryta Berenguer. El espectáculo y los niños, por la Prof. María Julia Olivera. 
538 |a Soporte: VHS - Norma: Pal N - Color - Grabación DRD 1994 - Hitachi=1377 
082 3 6 |/ MUN 
653 |a SOCIEDAD 
653 |a BIENESTAR SOCIAL 
653 |a NIÑO 
653 |a FAMILIA 
653 |a EDUCACION 
653 |a MENSAJES 
653 |a LIMITES 
653 |a NIÑEZ 
653 |a NIVEL PRIMARIO 
653 |a NIVEL SECUNDARIO 
859 |a CEMS  |b BIB. CEMS - Depto. Recursos Didacticos  |h 361  |i MUN  |k DRD  |p 703.12  |t Ej.1